Organizational Behaviour.... (Record no. 1089588)

MARC details
000 -LEADER
fixed length control field 00344nam a2200121Ia 4500
008 - FIXED-LENGTH DATA ELEMENTS--GENERAL INFORMATION
fixed length control field 231228s1998 xx 000 0 und d
041 ## - LANGUAGE CODE
Language code of text/sound track or separate title eng
082 ## - DEWEY DECIMAL CLASSIFICATION NUMBER
Classification number 658.4
Item number NOR
100 ## - MAIN ENTRY--PERSONAL NAME
Personal name NORTHCRAFT (G.B.) / NEALE (M)
245 ## - TITLE STATEMENT
Title Organizational Behaviour....
260 ## - PUBLICATION, DISTRIBUTION, ETC.
Place of publication, distribution, etc. Chicago
Name of publisher, distributor, etc. The Dryden Press Chicago Chicago
Date of publication, distribution, etc. 1998
300 ## - PHYSICAL DESCRIPTION
Extent XXIX,791+MISC

No items available.